Liedtext - Kokain - Tream - Statistiken

Allgemein
  • Dieses Quiz wurde 26 mal gespielt
  • Das Durchschnittsergebnis liegt bei 79 aus 242
Antwortstatistiken
Antwort % Korrekt
Kokain,
88%
Kokain
88%
bist
53%
bist)
53%
wie
53%
da
47%
die
47%
Du
47%
du
47%
und
47%
bin
41%
dem
41%
Ich
41%
ich
41%
(Ich
41%
mein
41%
so
41%
das
35%
nicht
35%
Alle
29%
aus
29%
dass
29%
dich
29%
dich?
29%
dir
29%
Doch
29%
doch
29%
für
29%
ist
29%
machen
29%
meine
29%
mich
29%
mit
29%
noch
29%
auf
24%
einen
24%
Ende,
24%
es
24%
Hab
24%
In
24%
kann
24%
Leben
24%
machst
24%
meinem
24%
mir
24%
ohne
24%
Seh
24%
Sinn
24%
soll
24%
uns
24%
vor
24%
wo
24%
Beginn
18%
Gewinn
18%
hin
18%
im
18%
immer
18%
komm
18%
Kopf
18%
Krieg
18%
krieg
18%
man
18%
mehr
18%
Motor
18%
nur
18%
total
18%
verfallen
18%
Verlust
18%
Wann
18%
war
18%
warst
18%
was
18%
weiß,
18%
Weiß
18%
wieder
18%
anders
12%
Augenblick
12%
Baust
12%
damals
12%
Dunkeln,
12%
endlich
12%
Energie
12%
erinnerst
12%
fern
12%
führst
12%
geliehen
12%
gibst,
12%
hackevoll
12%
klar
12%
kleinen
12%
kriegt
12%
lagst,
12%
Licht
12%
liegst
12%
nah
12%
Regie
12%
(Sag
12%
sah
12%
Seitdem
12%
Spiegel,
12%
spüren)
12%
Weil
12%
geglaubt,
6%
geh?)
6%
gehen)
6%
Gift,
6%
Herz,
6%
heute
6%
meinten,
6%
werde
6%
wert,
6%
(Willst
6%
wusste,
6%
verankert
0%
weggingst,
0%
Keine übereinstimmenden Quizze gefunden
Verteilung der Resultate
Anzahl Personen mit jedem Resultat
Perzentil nach korrekt beantworteten Fragen
Ihre Resultats-Entwicklung
Sie haben dieses Quiz noch nicht gespielt